[Event "Mechanics' Spring TNM; G/2 d5"]
[Site "San Francisco"]
[Date "2018.05.01"]
[Round "7.11"]
[White "Cheng, Alfonso"]
[Black "Gomboluudev, Enkhjin"]
[Result "1-0"]
[WhiteElo "1959"]
[BlackElo "1712"]
[PlyCount "79"]
[EventDate "2018.??.??"]
[Source "ChessBase"]
[SourceDate "2007.09.04"]

1. e4 e6 2. d4 d5 3. e5 c5 4. c3 Nc6 5. Nf3 Qb6 6. a3 cxd4 7. cxd4 Nge7 8. Bd3
Bd7 9. Bc2 Rc8 10. O-O Nf5 11. Bxf5 exf5 12. Nc3 Be6 13. Na4 Qb5 14. b4 a5 15.
Bd2 axb4 16. axb4 Bxb4 17. Rb1 Qa5 18. Rxb4 Nxb4 19. Qb3 Rc4 20. Rb1 b5 21. Nb2
Qa2 22. Nxc4 Qxb3 23. Nd6+ Kd7 24. Rxb3 Nc2 25. Rxb5 Ra8 26. Ba5 Ra7 27. h4 f6
28. Bb6 Ra1+ 29. Kh2 fxe5 30. dxe5 Rd1 31. Rc5 Ke7 32. Rxc2 Rb1 33. Rc7+ Bd7
34. Nc8+ Ke8 35. Bc5 Rc1 36. Nb6 Bb5 37. e6 Ba6 38. Nxd5 Rd1 39. Rxg7 Kd8 40.
Rg8# 1-0

[Event "Mechanics' Spring TNM; G/2 d5"]
[Site "San Francisco"]
[Date "2018.04.03"]
[Round "3.15"]
[White "Cheng, Alfonso"]
[Black "Hack, Richard"]
[Result "1-0"]
[WhiteElo "1959"]
[BlackElo "1609"]
[PlyCount "47"]
[EventDate "2018.??.??"]
[Source "ChessBase"]
[SourceDate "2007.09.04"]

1. e4 e5 2. Nf3 Nc6 3. d4 exd4 4. Bc4 Bc5 5. c3 d3 6. Qxd3 d6 7. Bg5 Nge7 8.
Nbd2 h6 9. Bh4 g5 10. Bg3 Be6 11. Nb3 Bxc4 12. Qxc4 Bb6 13. O-O-O g4 14. Ne5
Nxe5 15. Bxe5 Rg8 16. Bf6 c6 17. Nd4 Qc7 18. Nf5 Nxf5 19. exf5 Kf8 20. Qf4 Rg5
21. Bxg5 hxg5 22. Qxg5 Bxf2 23. f6 Ke8 24. Qg8+ 1-0

[Event "Mechanics' Spring TNM; G/2 d5"]
[Site "San Francisco"]
[Date "2018.04.24"]
[Round "6.3"]
[White "Cheng, Alfonso"]
[Black "O'Connor, Derek"]
[Result "0-1"]
[WhiteElo "1959"]
[BlackElo "2305"]
[PlyCount "38"]
[EventDate "2018.??.??"]
[Source "ChessBase"]
[SourceDate "2007.09.04"]

1. e4 e5 2. Nf3 Nc6 3. d4 exd4 4. Bc4 Nf6 5. Ng5 Ne5 6. Bb3 d5 7. exd5 Bc5 8.
Bf4 Nxd5 9. Qe2 Nxf4 10. Qxe5+ Qe7 11. Qxe7+ Bxe7 12. Nxf7 Rf8 13. O-O Rxf7 14.
Bxf7+ Kxf7 15. Nd2 Bf5 16. Nf3 Bf6 17. g3 Ne2+ 18. Kg2 Bxc2 19. Rfe1 d3 0-1

[Event "Mechanics' Bedjanian TNM; G/2 d/5"]
[Site "San Francisco"]
[Date "2018.12.04"]
[Round "7.33"]
[White "Cheng, Andrew"]
[Black "Agdamag, Samuel"]
[Result "0-1"]
[WhiteElo "1366"]
[BlackElo "1584"]
[PlyCount "94"]
[EventDate "2018.??.??"]
[Source "ChessBase"]
[SourceDate "2007.09.04"]

1. c4 Nf6 2. Nc3 d6 3. Nf3 Bg4 4. d4 g6 5. e4 Bg7 6. g3 O-O 7. Bg2 Nc6 8. O-O
e5 9. d5 Ne7 10. Re1 Qc8 11. Bg5 h6 12. Bxf6 Bxf6 13. Qd2 Kh7 14. Qc2 Bg7 15.
Nd1 Bd7 16. Ne3 f5 17. exf5 gxf5 18. Rad1 Be8 19. h3 Bg6 20. Qb3 Rb8 21. Nh4
Bh5 22. Rd2 b5 23. Qc2 Kh8 24. c5 Qd7 25. c6 Qc8 26. b4 Ra8 27. a4 bxa4 28.
Qxa4 a6 29. Rb1 Bf7 30. b5 axb5 31. Qxb5 Ra7 32. Rdb2 Ra8 33. Qb7 Qd8 34. Nhxf5
Nxf5 35. Nxf5 Bg6 36. Nxg7 Kxg7 37. Re1 Qe7 38. Qb4 Qf6 39. Qd2 Rf7 40. Be4
Bxe4 41. Rxe4 Qf5 42. Rh4 Rf6 43. Qe3 Ra1+ 44. Kg2 Ra5 45. Rd2 Qb1 46. Rg4+ Kf7
47. Re4 $4 (47. Qe4 $1 $16) 47... Ra1 0-1

[Event "Mechanics' Bedjanian TNM; G/2 d/5"]
[Site "San Francisco"]
[Date "2018.12.18"]
[Round "9.28"]
[White "Cheng, Andrew"]
[Black "Baer, Michael A"]
[Result "0-1"]
[WhiteElo "1366"]
[BlackElo "1457"]
[PlyCount "58"]
[EventDate "2018.??.??"]
[Source "ChessBase"]
[SourceDate "2007.09.04"]

1. c4 Nf6 2. d4 g6 3. Nc3 Bg7 4. Nf3 d6 5. e4 O-O 6. g3 Bg4 7. Bg2 e5 8. dxe5
Bxf3 9. Bxf3 dxe5 10. Qxd8 Rxd8 11. O-O Nc6 12. Be3 a6 13. Nd5 Nxd5 14. cxd5
Nd4 15. Bxd4 exd4 16. Rad1 c5 17. b3 b5 18. Rfe1 c4 19. bxc4 bxc4 20. e5 d3 21.
e6 fxe6 22. dxe6 Ra7 23. Bc6 Re7 24. Bd7 Rb8 25. Re4 c3 26. Rxd3 c2 27. Re1 Rb1
28. Rde3 Rxe1+ 29. Rxe1 Bb2 0-1

[Event "Mechanics' Bedjanian TNM; G/2 d/5"]
[Site "San Francisco"]
[Date "2018.10.30"]
[Round "2.35"]
[White "Cheng, Andrew"]
[Black "Lamstein, Joshua"]
[Result "0-1"]
[WhiteElo "1366"]
[BlackElo "1592"]
[Annotator "Donaldson"]
[PlyCount "64"]
[EventDate "2018.??.??"]
[Source "ChessBase"]
[SourceDate "2007.09.04"]

1. e4 c5 2. Nf3 d6 3. Bc4 g6 4. O-O Bg7 5. Nc3 Nc6 6. Re1 e6 7. d3 Nge7 8. Bg5
a6 9. Qd2 (9. a3) 9... b5 10. Bb3 O-O 11. Bh6 Re8 12. Bxg7 Kxg7 13. e5 Nf5 14.
exd6 Nxd6 15. a4 b4 16. Ne4 Nxe4 17. Rxe4 Ne7 18. Rh4 {Here comes the judge!} (
18. Qf4) 18... Nf5 19. Rh3 h5 20. Re1 Bb7 21. Ng5 Qb6 22. Ne4 Rad8 23. Qg5 (23.
Rxh5 Bxe4) 23... Bxe4 24. dxe4 f6 25. Qc1 Nd4 26. Bc4 Nc6 27. b3 Ne5 28. Be2
Rd4 29. Bxh5 $2 (29. Rg3) 29... gxh5 30. Rxh5 Rf8 31. Re3 Qd6 32. Re1 Rd2 0-1

[Event "Mechanics' Bedjanian TNM; G/2 d/5"]
[Site "San Francisco"]
[Date "2018.11.13"]
[Round "4.32"]
[White "Cheng, Andrew"]
[Black "Simpkins, Jerry"]
[Result "1-0"]
[WhiteElo "1366"]
[BlackElo "1545"]
[PlyCount "55"]
[EventDate "2018.??.??"]
[Source "ChessBase"]
[SourceDate "2007.09.04"]

1. c4 e5 2. Nc3 f5 3. d3 Nf6 4. Nf3 Nc6 5. g3 Bb4 6. Bg2 e4 7. dxe4 Nxe4 8. Bd2
Qe7 9. O-O O-O 10. Nd5 Qd6 11. Bxb4 Nxb4 12. a3 Nxd5 13. Qxd5+ Qxd5 14. cxd5 d6
15. Rac1 Rf7 16. Rfd1 b6 17. Nd4 Ba6 18. e3 Re8 19. Ne6 Ree7 20. Bxe4 fxe4 21.
Rd4 Bb7 22. Nf4 g5 23. Ne6 h6 24. Nd8 c5 25. dxc6 Ba6 26. Nxf7 Kxf7 27. Rxd6
Bc8 28. c7 1-0

[Event "Mechanics' Winter TNM; G/2 d5"]
[Site "San Francisco"]
[Date "2018.02.13"]
[Round "6.9"]
[White "Childress, Jason W"]
[Black "Ash, Richard"]
[Result "1-0"]
[WhiteElo "2039"]
[BlackElo "1718"]
[PlyCount "47"]
[EventDate "2018.??.??"]
[Source "ChessBase"]
[SourceDate "2007.09.04"]

1. e4 e5 2. f4 exf4 3. Bc4 Nf6 4. Nc3 d5 5. Nxd5 Nxd5 6. Bxd5 Nd7 7. d3 Nf6 8.
Bb3 Bc5 9. Nf3 Be3 10. Bxe3 fxe3 11. O-O O-O 12. Qe2 Qe7 13. h3 Be6 14. Qxe3
Bxb3 15. axb3 Nd5 16. Qf2 Nb4 17. Ne1 c5 18. c3 Nc6 19. Nc2 Rad8 20. Rad1 b6
21. Ne3 Na5 22. Qg3 Nxb3 23. Nf5 Qf6 24. e5 1-0

[Event "Mechanics' Winter TNM; G/2 d5"]
[Site "San Francisco"]
[Date "2018.02.27"]
[Round "8.11"]
[White "Childress, Jason W"]
[Black "Delgado, David Ale"]
[Result "1-0"]
[WhiteElo "2039"]
[BlackElo "1706"]
[PlyCount "77"]
[EventDate "2018.??.??"]
[Source "ChessBase"]
[SourceDate "2007.09.04"]

1. e4 e5 2. f4 exf4 3. Bc4 Qh4+ 4. Kf1 Nh6 5. Nf3 Qh5 6. d4 d6 7. Bxf4 Be7 8.
Nc3 c6 9. h3 O-O 10. Kf2 Kh8 11. g4 Qa5 12. Qd2 Ng8 13. e5 d5 14. Bd3 Be6 15.
a3 Nd7 16. b4 Qd8 17. Kg2 b6 18. Ne2 c5 19. c3 c4 20. Bc2 b5 21. Ng3 f6 22. Nf5
Bxf5 23. gxf5 Qe8 24. e6 Nb6 25. Bd1 g5 26. Bg3 Rd8 27. Be2 Bd6 28. Bxd6 Rxd6
29. Raf1 Ne7 30. Nh2 Nbc8 31. Qd1 Ra6 32. Bh5 Qc6 33. Bf7 Nd6 34. Qh5 Ndxf5 35.
Ng4 Qd6 36. Rf3 Nh4+ 37. Kf2 Nxf3 38. Nxf6 Rxf7 39. Qxf7 1-0

[Event "Mechanics' Winter TNM; G/2 d5"]
[Site "San Francisco"]
[Date "2018.01.16"]
[Round "2.22"]
[White "Childress, Jason W"]
[Black "MacIntyre, Brendan"]
[Result "1-0"]
[WhiteElo "2039"]
[BlackElo "1619"]
[PlyCount "79"]
[EventDate "2018.??.??"]
[Source "ChessBase"]
[SourceDate "2007.09.04"]

1. e4 c5 2. d4 cxd4 3. c3 dxc3 4. Nxc3 Nc6 5. Nf3 d6 6. Bc4 Nf6 7. e5 dxe5 8.
Qxd8+ Nxd8 9. Nb5 Ne6 10. Bxe6 Bxe6 11. Nc7+ Kd8 12. Nxa8 e4 13. Ng5 Bc4 14. b3
Bd5 15. Bf4 h6 16. Nh3 e6 17. Nc7 Bb4+ 18. Ke2 Bc6 19. Rhd1+ Nd7 20. a4 a6 21.
Rac1 Ba3 22. Rc2 g5 23. Be5 Rf8 24. Nxa6 Bd5 25. Bc7+ Ke7 26. Ra1 Bxb3 27. Rd2
Bc4+ 28. Ke3 bxa6 29. Rxa3 Bd5 30. Rc3 f5 31. f4 g4 32. Ng1 Rg8 33. Ne2 h5 34.
Nd4 Kf7 35. Nxf5 exf5 36. Rxd5 g3 37. Rxd7+ Ke6 38. Rd6+ Ke7 39. h3 Rc8 40.
Rxa6 1-0

[Event "Mechanics' Winter TNM; G/2 d5"]
[Site "San Francisco"]
[Date "2018.01.30"]
[Round "4.6"]
[White "Childress, Jason W"]
[Black "Perepelitsky, Phil"]
[Result "0-1"]
[WhiteElo "2039"]
[BlackElo "2166"]
[Annotator "Donaldson"]
[PlyCount "72"]
[EventDate "2018.??.??"]
[Source "ChessBase"]
[SourceDate "2007.09.04"]

1. e4 d6 2. d4 Nf6 3. Nc3 g6 4. Nf3 Bg7 5. Bc4 Nc6 6. Qe2 O-O 7. Bg5 Bg4 8. Qe3
Bxf3 9. gxf3 e5 10. dxe5 dxe5 11. Nd5 Nxd5 12. Bxd5 (12. exd5 Nd4) 12... Qc8
13. h4 Nd4 14. O-O-O c6 15. Bb3 h5 16. Rhg1 Qc7 17. Kb1 b5 18. Bh6 Nxb3 19.
axb3 Rfd8 20. Qg5 Bxh6 21. Qxh6 Rxd1+ 22. Rxd1 Rd8 23. Rg1 Qe7 24. Qg5 $2 (24.
f4) (24. Qxh5 $2 Rd1+) 24... Qxg5 25. Rxg5 Rd1+ 26. Ka2 Rh1 27. Ka3 Rxh4 28.
Kb4 Rh3 29. Kc5 Rxf3 30. Rg2 Rf6 31. c4 bxc4 32. bxc4 h4 33. b4 Kg7 34. b5 cxb5
35. Kxb5 h3 36. Rh2 Rf3 0-1

[Event "Mechanics' Bedjanian TNM; G/2 d/5"]
[Site "San Francisco"]
[Date "2018.10.30"]
[Round "2.22"]
[White "Clemens, Kristian"]
[Black "Baer, Michael A"]
[Result "1-0"]
[WhiteElo "1993"]
[BlackElo "1457"]
[PlyCount "117"]
[EventDate "2018.??.??"]
[Source "ChessBase"]
[SourceDate "2007.09.04"]

1. Nf3 Nf6 2. d4 g6 3. c4 d6 4. Nc3 Bg7 5. e4 O-O 6. Be2 e5 7. d5 Na6 8. Bg5 h6
9. Bh4 g5 10. Bg3 Nxe4 11. Nxe4 f5 12. Nfd2 fxe4 13. Nxe4 Bf5 14. Bd3 Bxe4 15.
Bxe4 Nc5 16. Qc2 Nxe4 17. Qxe4 Qf6 18. O-O h5 19. f3 Qf5 20. Rfe1 h4 21. Bf2 b6
22. h3 Qxe4 23. Rxe4 Rf4 24. Be3 Rxe4 25. fxe4 Bf6 26. Kf2 Kf7 27. Kf3 Kg6 28.
Kg4 Rf8 29. Rf1 Rh8 30. Rf5 a6 31. b3 Be7 32. a3 Bf6 33. b4 b5 34. c5 Be7 35.
c6 Bf6 36. Bxg5 Bxg5 37. Rxg5+ Kf6 38. Rf5+ Kg6 39. Rf1 Kg7 40. Rf3 Kg6 41. g3
hxg3 42. Kxg3 Rg8 43. Kf2 Rh8 44. Kg2 Kg7 45. Kg3 Rh6 46. h4 Rg6+ 47. Kh3 Rh6
48. Rf5 Kg8 49. Kg4 Kg7 50. h5 Rh8 51. Rg5+ Kf6 52. Rg6+ Kf7 53. Kg5 Rh7 54.
Rf6+ Kg8 55. h6 Re7 56. Rg6+ Kh8 57. Re6 Rf7 58. Kg6 Rf8 59. Re7 1-0

[Event "Mechanics' Spring TNM; G/2 d5"]
[Site "San Francisco"]
[Date "2018.05.08"]
[Round "8.11"]
[White "Clemens, Kristian"]
[Black "Boldi, Ethan"]
[Result "1/2-1/2"]
[WhiteElo "1917"]
[BlackElo "1997"]
[PlyCount "100"]
[EventDate "2018.??.??"]
[Source "ChessBase"]
[SourceDate "2007.09.04"]

1. Nf3 d5 2. d4 e6 3. c4 Nf6 4. Nc3 Bb4 5. a3 Bxc3+ 6. bxc3 O-O 7. Bg5 Nbd7 8.
e3 c5 9. Qc2 Qa5 10. Bxf6 Nxf6 11. Nd2 cxd4 12. cxd4 Bd7 13. Bd3 Ba4 14. Qb2
dxc4 15. Bxc4 Bc6 16. f3 Qg5 17. Kf2 Rfe8 18. Qb3 Rad8 19. Rad1 Rd7 20. Nb1 b5
21. Be2 e5 22. dxe5 Rxd1 23. Rxd1 Qxe5 24. Qc3 Qe6 25. Qc5 Nd5 26. Nc3 Nxc3 27.
Qxc3 a6 28. Qc5 Rc8 29. Qd6 Qxd6 30. Rxd6 Kf8 31. Ke1 Ke7 32. Rd4 Bd7 33. Kd2
Rb8 34. Kc3 a5 35. Bd3 h6 36. h4 Rb6 37. g3 Rc6+ 38. Kb2 Rd6 39. Kc3 Rc6+ 40.
Kb2 Re6 41. Be4 g6 42. g4 Re5 43. f4 Rc5 44. g5 hxg5 45. hxg5 Bc6 46. Bd3 Bd7
47. Be4 Kd8 48. Bd5 Ke7 49. Bxf7 Bf5 50. Bb3 a4 {White has a significant
advantage, but the game later ended in a draw. Remaining moves unavailable.}
1/2-1/2

[Event "Mechanics' Winter TNM; G/2 d5"]
[Site "San Francisco"]
[Date "2018.02.06"]
[Round "5.4"]
[White "Clemens, Kristian"]
[Black "Chambers, Ezra Paul"]
[Result "0-1"]
[WhiteElo "1917"]
[BlackElo "2258"]
[Annotator "Donaldson"]
[PlyCount "112"]
[EventDate "2018.??.??"]
[Source "ChessBase"]
[SourceDate "2007.09.04"]

1. Nf3 g6 2. d4 Bg7 3. c4 d6 4. Nc3 Nc6 5. Bf4 Nxd4 6. Nxd4 e5 7. Be3 exd4 8.
Bxd4 Nf6 9. Nd5 $6 (9. g3 O-O 10. Bg2 Re8 11. O-O) 9... O-O 10. e3 Be6 11.
Nxf6+ Bxf6 12. Be2 c5 13. Bxf6 Qxf6 14. Qb3 {Diagram [#]} (14. Qd2 Rad8 $15)
14... b5 $1 15. Qxb5 Rab8 16. Qa5 Rxb2 17. Rc1 Rfb8 18. Bf3 Bg4 $1 19. O-O Bxf3
20. gxf3 Qxf3 21. Qc7 Re8 22. Qd7 Re4 23. h3 Re5 24. Qg4 Qxg4+ 25. hxg4 Rxa2
26. Rfd1 Re6 27. Kg2 Kf8 28. Rb1 Ra4 29. f3 Rxc4 30. Ra1 Rc2+ 31. Kg3 Rxe3 32.
Rxd6 Re7 33. Rd8+ Kg7 34. g5 h6 35. gxh6+ Kxh6 36. Rh1+ Kg7 37. Rhh8 c4 38.
Rhg8+ Kf6 39. Rd6+ Re6 40. Rd7 c3 41. Rxa7 Rc1 42. Rc7 c2 43. Rgc8 Re2 44. Rc5
Rg1+ 45. Kh3 Rf2 46. R8c6+ Kg7 47. Rxc2 Rxf3+ 48. Kh2 Rg5 49. R2c4 Rb3 50. Rc7
Rb8 51. Rh4 Rb2+ 52. Kh3 Rf5 53. Ra4 Rbf2 54. Kg3 R5f3+ 55. Kg4 Kh6 56. Rc6 f5+
0-1

[Event "Mechanics' Shipman TNM; G/2 d/5"]
[Site "San Francisco"]
[Date "2018.08.07"]
[Round "1.11"]
[White "Clemens, Kristian"]
[Black "Chan, John"]
[Result "1-0"]
[WhiteElo "2014"]
[BlackElo "1510"]
[PlyCount "99"]
[EventDate "2018.??.??"]
[Source "ChessBase"]
[SourceDate "2007.09.04"]

1. Nf3 d5 2. d4 Nc6 3. c4 e6 4. Nc3 a6 5. Bg5 Be7 6. Bxe7 Ngxe7 7. e3 Ng6 8.
Be2 O-O 9. O-O f5 10. Rc1 Kh8 11. cxd5 exd5 12. Qb3 Nce7 13. h4 Rf6 14. h5 Nf8
15. Ne5 b5 16. a4 c6 17. axb5 axb5 18. Ra1 Rxa1 19. Rxa1 Be6 20. Ra6 Bg8 21.
Qa3 h6 22. Ra8 Nc8 23. Qa6 Be6 24. Nxc6 Qb6 25. Bxb5 Kh7 26. Qxb6 Nxb6 27. Ra6
Nc4 28. Bxc4 dxc4 29. Nd8 Bg8 30. Rxf6 gxf6 31. Kh2 Nd7 32. Kg3 Kg7 33. Kf4 Bh7
34. Ne6+ Kf7 35. Nc5 Nb6 36. Nb7 Ke7 37. d5 Kd7 38. Nc5+ Ke7 39. N5a4 Nd7 40.
Nb5 Ne5 41. Nc5 Nd3+ 42. Nxd3 cxd3 43. Nc3 Kd6 44. Kf3 Kc5 45. g3 Kc4 46. d6
Kb3 47. d7 Kxb2 48. Na4+ Kc2 49. d8=Q d2 50. Ke2 1-0

[Event "Mechanics' Summer TNM; G/2 d/5"]
[Site "San Francisco"]
[Date "2018.06.12"]
[Round "3.13"]
[White "Clemens, Kristian"]
[Black "Cortinas, Martin A"]
[Result "1-0"]
[WhiteElo "1963"]
[BlackElo "1752"]
[PlyCount "81"]
[EventDate "2018.??.??"]
[Source "ChessBase"]
[SourceDate "2007.09.04"]

1. Nf3 Nf6 2. d4 d5 3. c4 e6 4. Bg5 c6 5. e3 Nbd7 6. Bd3 dxc4 7. Bxc4 b5 8. Bd3
Bb7 9. O-O Be7 10. Nc3 a6 11. Qe2 O-O 12. Rfd1 Re8 13. Rac1 Qb6 14. e4 c5 15.
e5 Bxf3 16. Qxf3 Nd5 17. Nxd5 exd5 18. Bxe7 Rxe7 19. Qxd5 Qa7 20. dxc5 Rxe5 21.
Qd4 Rxc5 22. Rxc5 Nxc5 {[#]} 23. Bxb5 Ne6 24. Qxa7 Rxa7 25. Bf1 Rb7 26. Rd2 Rb6
27. g3 Kf8 28. h4 Nc5 29. Rc2 Ne6 30. Kg2 Ke7 31. b3 Rd6 32. Rc3 a5 33. Re3 Rd2
34. Re2 Rd4 35. a3 Rd1 36. Re5 Rb1 37. Bc4 a4 38. bxa4 Kd6 39. Rb5 Rc1 40. Bxe6
fxe6 41. Rb7 1-0

[Event "Mechanics' Summer TNM; G/2 d/5"]
[Site "San Francisco"]
[Date "2018.06.17"]
[Round "8.10"]
[White "Clemens, Kristian"]
[Black "Drane, Robert Will"]
[Result "1-0"]
[WhiteElo "1963"]
[BlackElo "1800"]
[PlyCount "105"]
[EventDate "2018.??.??"]
[Source "ChessBase"]
[SourceDate "2007.09.04"]

1. Nf3 f5 2. d4 Nf6 3. c4 e6 4. Nc3 Bb4 5. Bd2 O-O 6. g3 d6 7. Bg2 Bxc3 8. Bxc3
Qe8 9. O-O Nc6 10. Qc2 e5 11. dxe5 dxe5 12. Rad1 f4 13. Nd2 Qh5 14. Rfe1 fxg3
15. hxg3 Ng4 16. Nf3 Bf5 17. e4 Bg6 18. Re2 Rf6 19. Nh4 Raf8 20. f3 Nh6 21. Qd2
Bf7 22. f4 Rd6 23. Qe1 Rxd1 24. Qxd1 exf4 25. Bf3 Qc5+ 26. Kh1 fxg3 27. b4 Qg5
28. Ng2 Bxc4 29. Rc2 Ng4 30. Kg1 Qh5 31. Ne1 Qh3 32. Rg2 Ne3 33. Qd2 Nxg2 34.
Qxg2 Qxg2+ 35. Kxg2 Re8 36. Kxg3 Bxa2 37. Nd3 Bb1 38. Nc5 b6 39. Na6 Re7 40. b5
Ne5 41. Bd1 Bxe4 42. Bb4 Bf5 $4 43. Bxe7 c5 44. Bd6 Nc4 45. Bb8 Bd3 46. Bxa7
Nb2 47. Bf3 Na4 $2 48. Bc6 c4 49. Nb4 Nc5 50. Bxb6 Na4 51. Bd4 Bf5 52. Na2 Be6
53. Nc3 1-0

[Event "Mechanics' Shipman TNM; G/2 d/5"]
[Site "San Francisco"]
[Date "2018.09.18"]
[Round "7.4"]
[White "Clemens, Kristian"]
[Black "Ivanov, Aleksandr"]
[Result "1-0"]
[WhiteElo "2014"]
[BlackElo "2197"]
[PlyCount "39"]
[EventDate "2018.??.??"]
[Source "ChessBase"]
[SourceDate "2007.09.04"]

1. Nf3 Nf6 2. d4 g6 3. c4 c5 4. e3 Bg7 5. Nc3 cxd4 6. exd4 d5 7. Bg5 dxc4 8.
Bxc4 O-O 9. O-O Nc6 10. Qd2 Bg4 11. Rad1 Bxf3 12. gxf3 Rc8 13. Bb3 Qa5 14. d5
Rfd8 15. Qe3 Nb4 16. Qxe7 Rd7 17. Qe1 Re8 18. Qd2 Red8 19. Ne4 Nfxd5 20. Bxd8
1-0

[Event "Mechanics' Bedjanian TNM; G/2 d/5"]
[Site "San Francisco"]
[Date "2018.11.13"]
[Round "4.21"]
[White "Clemens, Kristian"]
[Black "Lin, Aung Tun"]
[Result "1-0"]
[WhiteElo "1993"]
[BlackElo "1640"]
[PlyCount "53"]
[EventDate "2018.??.??"]
[Source "ChessBase"]
[SourceDate "2007.09.04"]

1. Nf3 e6 2. d4 f5 3. c4 Nf6 4. Nc3 Bb4 5. Bd2 b6 6. g3 Bb7 7. Bg2 O-O 8. O-O
Bxc3 9. Bxc3 Ne4 10. Qc2 d6 11. Nd2 d5 12. cxd5 Nxd2 13. Bxd2 Bxd5 14. Bxd5
exd5 15. Bf4 Rf7 16. Rac1 Na6 17. Qa4 Nb8 18. Rc3 a5 19. Bxc7 Qe7 20. Be5 Na6
21. Rfc1 Rd8 22. Rc8 h5 23. Qb5 Nb4 24. R1c7 Qf8 25. Rxf7 Kxf7 26. Rc7+ Kg6 27.
Qxb6+ 1-0

[Event "Mechanics' Winter TNM; G/2 d5"]
[Site "San Francisco"]
[Date "2018.02.27"]
[Round "8.15"]
[White "Clemens, Kristian"]
[Black "Standen, Julian"]
[Result "1-0"]
[WhiteElo "1917"]
[BlackElo "1600"]
[Annotator "Donaldson"]
[PlyCount "41"]
[EventDate "2018.??.??"]
[Source "ChessBase"]
[SourceDate "2007.09.04"]

1. d4 d5 2. Nf3 Nf6 3. c4 c6 4. Nc3 dxc4 5. a4 Bf5 6. e3 e6 7. Bxc4 Nbd7 (7...
Bb4) 8. O-O Be7 (8... Bb4) 9. Qe2 O-O 10. Rd1 (10. e4) 10... Re8 11. Bd2 (11.
e4) 11... Ne4 12. Nxe4 Bxe4 13. Bc3 Bf6 14. Nd2 Bg6 15. e4 e5 $6 (15... Qc7)
16. d5 cxd5 $6 (16... Qc7 17. dxc6 bxc6 {to cover d5.}) 17. Bxd5 Rb8 18. Nc4
Qe7 {Diagram [#]} 19. Nd6 $1 Rf8 20. Nxb7 (20. Bb4) 20... Nb6 21. Na5 {
Black could continue but he is much worse.} 1-0

[Event "Mechanics' Spring TNM; G/2 d5"]
[Site "San Francisco"]
[Date "2018.04.03"]
[Round "3.17"]
[White "Clemens, Kristian"]
[Black "Waharte, Louka"]
[Result "1-0"]
[WhiteElo "1917"]
[BlackElo "1496"]
[PlyCount "77"]
[EventDate "2018.??.??"]
[Source "ChessBase"]
[SourceDate "2007.09.04"]

1. Nf3 Nf6 2. d4 g6 3. c4 Bg7 4. Nc3 O-O 5. e4 d6 6. Be2 e5 7. d5 a5 8. Bg5 h6
9. Bh4 Na6 10. O-O Qe8 11. Nd2 Nh7 12. a3 Bd7 13. b3 h5 14. f3 Bh6 15. Bf2 f5
16. Rb1 Qe7 17. b4 axb4 18. axb4 c5 19. dxc6 bxc6 20. b5 Nc5 21. Nb3 Rfb8 22.
Nxc5 dxc5 23. bxc6 Bxc6 24. Nd5 Bxd5 25. Qxd5+ Kh8 26. Bxc5 Qc7 27. Bd6 Qa7+
28. Kh1 Rxb1 29. Bxe5+ Bg7 30. Bxg7+ Kxg7 31. Rxb1 Qa2 32. Qd4+ Nf6 33. Qd3 Ra3
34. Qd1 fxe4 35. fxe4 Nxe4 36. Qd4+ Nf6 37. Rb7+ Kg8 38. Qd8+ Ne8 39. Qxe8# 1-0

[Event "Mechanics' Summer TNM; G/2 d5"]
[Site "San Francisco"]
[Date "2018.07.03"]
[Round "6.3"]
[White "Clemens, Kristian"]
[Black "Wong, Russell"]
[Result "0-1"]
[WhiteElo "1963"]
[BlackElo "2200"]
[PlyCount "82"]
[EventDate "2018.??.??"]
[Source "ChessBase"]
[SourceDate "2007.09.04"]

1. Nf3 b6 2. d4 Bb7 3. c4 e6 4. a3 f5 5. Nc3 Nf6 6. Bg5 Be7 7. e3 O-O 8. Be2 d6
9. O-O Nbd7 10. Qb3 Kh8 11. Rfd1 Ne4 12. Bxe7 Qxe7 13. Nd2 Nxd2 14. Rxd2 Qg5
15. Bf1 f4 16. Qb5 Qe7 17. e4 e5 18. Nd5 Qd8 19. Qb3 Nf6 20. Qd3 exd4 21. Qxd4
c5 22. Qd3 Bxd5 23. exd5 Nd7 24. Re1 Ne5 25. Qe4 f3 26. g3 Qg5 27. Qe3 Qh5 28.
Qc3 Rae8 29. Rdd1 Re7 30. b4 Rfe8 31. bxc5 bxc5 32. Rb1 h6 33. Qd2 Qf5 34. Qc3
Qf6 35. Rb3 Qf5 36. Reb1 Qh5 37. Rb8 Qf7 38. R1b3 Rxb8 39. Rxb8+ Re8 40. Qb3
Kh7 41. Qb1+ g6 {and 0-1 ? (completely =)} 0-1

[Event "Mechanics' Walter Shipman TNM G/2 d/5"]
[Site "San Francisco"]
[Date "2018.10.02"]
[Round "9.7"]
[White "Clemens, Kristian"]
[Black "Yanofsky, Kevin"]
[Result "0-1"]
[WhiteElo "2014"]
[BlackElo "1862"]
[PlyCount "80"]
[EventDate "2018.??.??"]
[Source "ChessBase"]
[SourceDate "2007.09.04"]

1. Nf3 Nf6 2. c4 g6 3. d4 Bg7 4. Nc3 d6 5. e4 O-O 6. Be2 e5 7. d5 Nbd7 8. Bg5
h6 9. Bh4 g5 10. Bg3 Nh5 11. O-O Nxg3 (11... Nf4) 12. fxg3 a5 13. Nd2 Nc5 14.
Bg4 Nxe4 15. Ndxe4 f5 16. Be2 fxe4 17. Nxe4 Bf5 18. Bd3 Qe7 19. Qe2 Bh7 20. Nf2
Bxd3 21. Nxd3 e4 22. Rxf8+ Rxf8 23. Re1 Bd4+ 24. Kh1 Qf6 25. Nc1 Qf2 26. b3
Qxe2 27. Nxe2 Bc5 28. h3 Rf2 29. Nc1 Bb4 30. Rg1 Kg7 31. Kh2 Kf6 32. g4 Ke5 33.
a3 Bxa3 34. Re1 Bxc1 35. Rxc1 e3 36. c5 Kxd5 37. cxd6 cxd6 38. Kg3 Rf4 39. Rc7
e2 40. Rc1 Rf1 0-1

[Event "Mechanics' Shipman TNM; G/2 d/5"]
[Site "San Francisco"]
[Date "2018.09.04"]
[Round "5.10"]
[White "Clemens, Kristian"]
[Black "Yun, Andrew"]
[Result "1/2-1/2"]
[WhiteElo "2014"]
[BlackElo "1557"]
[Annotator "Winslow,Elliott"]
[PlyCount "62"]
[EventDate "2018.??.??"]
[Source "ChessBase"]
[SourceDate "2007.09.04"]

1. Nf3 g6 2. d4 Bg7 3. c4 c5 4. e3 Nc6 5. Nc3 Nh6 6. Be2 O-O 7. O-O b6 8. d5
Na5 9. Qc2 d6 10. b3 Bf5 11. Bd3 e6 12. Bxf5 Nxf5 13. Bb2 e5 14. Rae1 a6 15.
Nd2 h5 16. a3 Rc8 17. Ba1 Qd7 18. Qd3 Nh4 19. e4 Bh6 20. Ncb1 f5 21. f3 f4 22.
b4 Nb7 23. Kh1 Kh7 24. Rg1 Rf6 25. Nc3 g5 26. h3 Rcf8 27. Nd1 g4 28. Nf2 g3 29.
Nd1 Nd8 30. bxc5 bxc5 31. Nb3 Nf7 {
(Black played ...Ng5xh3, somehow White held on and managed a counterattack)}
1/2-1/2

[Event "Mechanics' Bedjanian TNM; G/2 d/5"]
[Site "San Francisco"]
[Date "2018.12.11"]
[Round "8.11"]
[White "Clemens, Kristian"]
[Black "Yun, Andrew"]
[Result "1-0"]
[WhiteElo "1993"]
[BlackElo "1700"]
[PlyCount "91"]
[EventDate "2018.??.??"]
[Source "ChessBase"]
[SourceDate "2007.09.04"]

1. Nf3 b6 2. d4 Nf6 3. g3 Bb7 4. Bg2 e6 5. c4 d5 6. Nc3 Nbd7 7. cxd5 exd5 8.
Bf4 Nh5 9. Bg5 Be7 10. Bxe7 Qxe7 11. O-O O-O 12. Rc1 f5 13. Nh4 c6 14. e3 g6
15. a3 Ndf6 16. b4 b5 17. Nf3 a5 18. Qb3 a4 19. Qc2 Nd7 20. Nd1 Nhf6 21. Nb2
Rac8 22. Nd3 Rc7 23. Nfe5 Rfc8 24. Nxd7 Nxd7 25. Qe2 h5 26. h4 Kf7 27. Rc2 Rh8
28. Bxd5+ Kg7 29. f4 Nb6 $18 30. Rfc1 $4 Nxd5 $19 31. Ne5 Rhc8 32. e4 fxe4 33.
Qxe4 Qe6 34. Rf1 Rf8 35. Qd3 Ne7 36. Re2 Qd5 37. Nf3 Bc8 38. Re5 Qd6 39. Rfe1
Nf5 40. Kh2 Rff7 41. Qc3 Kh6 42. Qd2 Rce7 43. Ng5 Rg7 44. Nf3 Rxe5 $4 45. fxe5+
Kh7 46. Ng5+ 1-0